000 00352nam a2200145Ia 4500
008 230917s9999||||xx |||||||||||||| ||und||
040 _e18427
_aMAIN
041 _aEnglish
082 _a519.5 W651M
100 _aWilks, Samuel S
245 0 _aMathematical statistics
260 _aNew York
_bJohn Wiley
_c1962
300 _axvi, 644 p.
942 _cBK
999 _c111767
_d111767